000 00647nam a2200253Ia 4500
001 38453
005 20240114002010.0
007 ta
008 070720s1948 a g b000 u 465 u
040 _aCotton College,Assam
041 _a465
082 _a954.023
_bR 213 H
100 _aRay, Sukumar .
245 0 _aHumayun in Persia /
_cSukumar Ray.
_hTextual Documents
250 _a1st ed. /
260 _aCalcutta :
_bRoyal Asiatic Society ,
_c1948.
300 _a113p. :
_bill ;
_c22cm .
653 _aHistory-Humayun
653 _aG-History
942 _2ddc
_cBK
999 _c38425
_d38425